[Event "Lichtenrader Herbst 2012"]
[Site "Berlin - Lichtenrade"]
[Date "2012.10.01"]
[Round "3.14"]
[White "Feikes, Joerg"]
[Black "Lindemann, Christian"]
[Result "0-1"]
[WhiteElo "2038"]
[BlackElo "2231"]
[PlyCount "96"]
[EventDate "2012.??.??"]
[WhiteTeam "Emden Königsspr. SK"]
[BlackTeam "Neukölln Schwarz-Weiß"]

1. e4 e6 2. d4 d5 3. Nc3 Bb4 4. e5 b6 5. Qg4 Bf8 6. Bg5 Qd7 7. Nge2 h6 8. Qh3
Nc6 9. Be3 Ba6 10. g4 Nge7 11. Bg2 O-O-O 12. f4 Na5 13. Rd1 Nc4 14. Bc1 b5 15.
a3 Nb6 16. O-O g6 17. Ng3 Nc6 18. Nce2 Be7 19. f5 gxf5 20. gxf5 h5 21. f6 Bf8
22. Nxh5 b4 23. Rf2 bxa3 24. bxa3 Nc4 25. Qf3 N6a5 26. Rd3 c5 27. Bd2 Nxd2 28.
Rxd2 Nc4 29. Rd1 Qa4 30. Nhf4 Qxc2 31. Nc3 Qf5 32. Bh3 Rxh3 33. Nxh3 Qxf3 34.
Rxf3 cxd4 35. Nb1 Nxe5 36. Rg3 Bd6 37. Nf2 Be2 38. Rc1+ Kd7 39. Nd2 d3 40. Rg7
Bf8 41. Rh7 Bxa3 42. Ra1 Bc5 43. h3 Rg8+ 44. Rg7 Rh8 45. Kg2 Rh6 46. Rc1 Be3
47. Rg8 Bxd2 48. Rcc8 Rg6+ 0-1

[Event "Lichtenrader Herbst 2012"]
[Site "Berlin - Lichtenrade"]
[Date "2012.10.01"]
[Round "3.15"]
[White "Walter, Guenter"]
[Black "Jahnz, Fabian"]
[Result "0-1"]
[WhiteElo "1980"]
[BlackElo "2189"]
[PlyCount "76"]
[EventDate "2012.??.??"]
[WhiteTeam "Oberschöneweide TSG"]
[BlackTeam "Tegel 1949 König SK"]

1. e4 e5 2. Nf3 Nc6 3. Bb5 a6 4. Bxc6 dxc6 5. O-O Bg4 6. h3 Bh5 7. d3 f6 8. Be3
c5 9. Nbd2 Bd6 10. Nc4 Ne7 11. g4 Bf7 12. Kg2 Qd7 13. Nxd6+ Qxd6 14. Nd2 Ng6
15. Nb3 b6 16. Qe2 a5 17. Nd2 O-O-O 18. Nf3 Qc6 19. Kg3 Ne7 20. Rg1 Be6 21. Kh2
g5 22. Rg3 h5 23. gxh5 Rh7 24. Bxg5 fxg5 25. Rxg5 Rf8 26. Rag1 Qd6 27. R1g3
Rhf7 28. Qe3 Nc6 29. Rg7 Nd4 30. Rxf7 Bxf7 31. c3 Bxh5 32. cxd4 exd4 33. e5
dxe3 34. exd6 Rxf3 35. Rg8+ Kd7 36. fxe3 cxd6 37. Rg5 Bf7 38. Rg7 Ke7 0-1

[Event "Lichtenrader Herbst 2012"]
[Site "Berlin - Lichtenrade"]
[Date "2012.10.01"]
[Round "3.16"]
[White "Descamps, Bert"]
[Black "Moeller, Hendrik"]
[Result "0-1"]
[WhiteElo "1720"]
[BlackElo "2259"]
[PlyCount "96"]
[EventDate "2012.??.??"]
[WhiteTeam "SK Artevelde"]
[BlackTeam "Berlin Weisse Dame SC"]

1. e4 c6 2. f4 d5 3. e5 Bf5 4. Nf3 e6 5. c3 h5 6. Be2 c5 7. Na3 Nc6 8. d3 Nh6
9. O-O Be7 10. Nc2 Bg6 11. d4 Qb6 12. Bd3 Bxd3 13. Qxd3 Nf5 14. Ne3 c4 15. Qc2
g6 16. Nxf5 gxf5 17. h4 Qd8 18. Ng5 b5 19. b3 cxb3 20. axb3 Qb6 21. Be3 Rc8 22.
Qd3 Na5 23. Rfb1 b4 24. Bd2 Rb8 25. c4 dxc4 26. bxc4 Nc6 27. Be3 a5 28. Kf2 Rd8
29. d5 Bc5 30. d6 Bxe3+ 31. Qxe3 Qxe3+ 32. Kxe3 Ra8 33. Nf3 Kd7 34. Nd4 Rhg8
35. Rb2 Nxd4 36. Kxd4 Kc6 37. Ra4 Kb6 38. Rba2 Ra6 39. Rc2 Rg4 40. Ke3 Rg3+ 41.
Kf2 Rg8 42. Ke3 Kc5 43. Kf2 Raa8 44. Ke1 Rg4 45. d7 Rgg8 46. Rd2 Rgd8 47. Ra1
Ra7 48. Rad1 a4 0-1

[Event "Lichtenrader Herbst 2012"]
[Site "Berlin - Lichtenrade"]
[Date "2012.10.01"]
[Round "3.17"]
[White "Gruzmann, Boris"]
[Black "Schnoor, Ekkehard"]
[Result "1-0"]
[WhiteElo "2303"]
[BlackElo "2021"]
[PlyCount "71"]
[EventDate "2012.??.??"]
[WhiteTeam "Lasker Steglitz-Wilmersd. SG"]
[BlackTeam "Dresden Grün-Weiß SG"]

1. e4 c5 2. Nf3 d6 3. d4 cxd4 4. Nxd4 Nf6 5. Nc3 a6 6. f4 e5 7. Nf3 Nbd7 8. a4
Be7 9. Bc4 Qa5 10. Qe2 O-O 11. Bd2 exf4 12. Nd5 Qd8 13. Bxf4 Nxd5 14. Bxd5 Nf6
15. Bb3 Be6 16. Bxe6 fxe6 17. O-O e5 18. Bg5 Rc8 19. c4 Ng4 20. Bxe7 Qxe7 21.
Rac1 Qc7 22. c5 dxc5 23. Ng5 Rxf1+ 24. Rxf1 Nh6 25. Qc4+ Kh8 26. Qe6 c4 27. Kh1
c3 28. bxc3 Qxc3 29. h3 Qc6 30. Qxe5 Qxa4 31. Qe7 Qe8 32. Qxb7 a5 33. e5 a4 34.
e6 Rb8 35. Qe4 Qg6 36. e7 1-0

[Event "Lichtenrader Herbst 2012"]
[Site "Berlin - Lichtenrade"]
[Date "2012.10.01"]
[Round "3.18"]
[White "Schmidt, Juergen"]
[Black "Gaerths, Ronny"]
[Result "1/2-1/2"]
[WhiteElo "2045"]
[BlackElo "2251"]
[PlyCount "57"]
[EventDate "2012.??.??"]
[WhiteTeam "Kreuzberg SC"]
[BlackTeam "Kreuzberg SC"]

1. e4 d6 2. Nf3 Nf6 3. Nc3 g6 4. d4 c6 5. Bg5 Bg7 6. Qd2 h6 7. Be3 b5 8. Bd3 b4
9. Ne2 a5 10. h3 d5 11. Ng3 dxe4 12. Nxe4 Nd5 13. Bf4 Nxf4 14. Qxf4 Nd7 15. O-O
O-O 16. Rfe1 Qb6 17. Qh4 c5 18. Ne5 Nxe5 19. dxe5 Qc7 20. Nf6+ exf6 21. exf6
Bh8 22. Bxg6 fxg6 23. Re7 Qd6 24. Qxh6 Rxf6 25. Qh7+ Kf8 26. Rc7 Ke8 27. Qxh8+
Rf8 28. Qg7 Be6 29. Re1 1/2-1/2

[Event "Lichtenrader Herbst 2012"]
[Site "Berlin - Lichtenrade"]
[Date "2012.10.01"]
[Round "3.19"]
[White "Vandre, Wolfgang"]
[Black "Flohr, Dennis"]
[Result "1-0"]
[WhiteElo "2163"]
[BlackElo "1891"]
[PlyCount "59"]
[EventDate "2012.??.??"]
[WhiteTeam "Berlin Berolina Mitte SV"]

1. c4 Nf6 2. d4 e6 3. Nc3 Nc6 4. e3 a6 5. Bd3 b6 6. Nge2 Bb7 7. O-O h5 8. e4
Ng4 9. f3 Nxd4 10. fxg4 Nxe2+ 11. Qxe2 hxg4 12. Qxg4 Bc5+ 13. Kh1 Qe7 14. Bg5
Qd6 15. Qf4 f5 16. Qxd6 Bxd6 17. Bf4 e5 18. Be3 g6 19. exf5 e4 20. Bxe4 Bxe4
21. Nxe4 Bxh2 22. Nf6+ Kf7 23. fxg6+ Kxg6 24. Ng4 Be5+ 25. Kg1 Bxb2 26. Rad1
Rh4 27. Rf4 Rah8 28. Rxd7 Kg5 29. Rf6+ Kxg4 30. Rg7+ 1-0

[Event "Lichtenrader Herbst 2012"]
[Site "Berlin - Lichtenrade"]
[Date "2012.10.01"]
[Round "3.20"]
[White "Costello, Colin"]
[Black "Boettcher, Patrick"]
[Result "0-1"]
[WhiteElo "1956"]
[BlackElo "2193"]
[PlyCount "68"]
[EventDate "2012.??.??"]
[WhiteTeam "Berlin Weisse Dame SC"]
[BlackTeam "Spandau Zitadelle 1977 SC"]

1. c4 Nf6 2. g3 c5 3. Nc3 d5 4. cxd5 Nxd5 5. Bg2 Nc7 6. Nf3 Nc6 7. O-O e5 8. d3
Be7 9. Nd2 Bd7 10. Nc4 f6 11. f4 b5 12. Ne3 exf4 13. gxf4 Rc8 14. Ned5 Nd4 15.
e3 Nf5 16. e4 Nd4 17. Qh5+ g6 18. Qh6 Kf7 19. e5 f5 20. Bd2 Bf8 21. Qh3 Nce6
22. Nf6 Bc6 23. Ncd5 Bg7 24. Rae1 Bxf6 25. Nxf6 Qb6 26. Nd5 Qb7 27. Qh4 Bxd5
28. Qf6+ Kg8 29. Bxd5 Qxd5 30. Bc3 Rf8 31. Qe7 Rf7 32. Qh4 Nf3+ 33. Rxf3 Qxf3
34. Rf1 Qg4+ 0-1

[Event "Lichtenrader Herbst 2012"]
[Site "Berlin - Lichtenrade"]
[Date "2012.10.01"]
[Round "3.82"]
[White "Meister, Jakob"]
[Black "Kulpinski, Piotr"]
[Result "1-0"]
[WhiteElo "2484"]
[BlackElo "2010"]
[PlyCount "65"]
[EventDate "2012.??.??"]
[WhiteTeam "Zehlendorf SK"]

1. d4 d5 2. Bg5 c6 3. Nd2 Bf5 4. e3 Nd7 5. Ngf3 Ngf6 6. Be2 e6 7. c4 Be7 8. Nh4
Bg6 9. Nxg6 hxg6 10. Qc2 Qa5 11. Bxf6 gxf6 12. a3 f5 13. O-O-O O-O 14. Kb1 e5
15. h4 e4 16. f4 b5 17. c5 Kg7 18. h5 Rh8 19. hxg6 Rxh1 20. Rxh1 fxg6 21. g4
Rh8 22. Rxh8 Kxh8 23. gxf5 gxf5 24. Qd1 Qd8 25. Qh1+ Bh4 26. Qh3 Qf6 27. Nb3
Kg7 28. Na5 Be1 29. Nb7 Bd2 30. Kc2 Be1 31. Nd6 Kf8 32. Nxf5 Ke8 33. Bg4 1-0

[Event "Lichtenrader Herbst 2012"]
[Site "Berlin - Lichtenrade"]
[Date "2012.10.02"]
[Round "4.1"]
[White "Wendt, Jan-Dietrich"]
[Black "Danin, Alexandre"]
[Result "1/2-1/2"]
[WhiteElo "2362"]
[BlackElo "2568"]
[PlyCount "118"]
[EventDate "2012.??.??"]
[WhiteTeam "Berlin 1903 Sfrd."]
[BlackTeam "Wuppertal Tornado SC"]

1. Nf3 Nf6 2. c4 c5 3. Nc3 d5 4. cxd5 Nxd5 5. d4 Nxc3 6. bxc3 g6 7. Bf4 Bg7 8.
e3 Qa5 9. Qd2 O-O 10. Rb1 b6 11. Bd3 Nc6 12. O-O Rd8 13. Qe2 Bb7 14. Rfc1 Rac8
15. h3 cxd4 16. exd4 e6 17. Be4 Ba6 18. Qe3 Ne7 19. Ne5 f6 20. Nf3 Nd5 21. Bxd5
Qxd5 22. Re1 Rc6 23. Rbc1 Bc4 24. Bh6 Bxa2 25. Bxg7 Kxg7 26. Nh2 a5 27. Ng4 Qg5
28. Qe2 Bc4 29. Qb2 Rd7 30. Ne3 Bd3 31. c4 h5 32. d5 Rcd6 33. Qd4 Bf5 34. h4 e5
35. Qxb6 Qxg2+ 36. Kxg2 Rxb6 37. c5 Be4+ 38. Kg1 Rb8 39. Red1 Rc8 40. Rd2 a4
41. Rc4 Bf3 42. c6 Rd6 43. Rxa4 Kh6 44. Ra5 Rcxc6 45. dxc6 Rxd2 46. c7 Bb7 47.
Ra7 Bc8 48. Ra8 Bb7 49. Rb8 Ba6 50. Rh8+ Kg7 51. Ra8 Bb7 52. Ra7 Bc8 53. Nc4
Rd1+ 54. Kh2 Kh6 55. Nb6 Bf5 56. c8=Q Bxc8 57. Nxc8 Rd4 58. Kg3 Rd3+ 59. Kg2
Rd4 1/2-1/2

[Event "Lichtenrader Herbst 2012"]
[Site "Berlin - Lichtenrade"]
[Date "2012.10.02"]
[Round "4.2"]
[White "Romanishin, Oleg M"]
[Black "Colpe, Malte"]
[Result "1/2-1/2"]
[WhiteElo "2526"]
[BlackElo "2349"]
[PlyCount "53"]
[EventDate "2012.??.??"]
[BlackTeam "Hamburger SK"]

1. Nf3 Nf6 2. c4 g6 3. g3 Bg7 4. Bg2 d5 5. cxd5 Nxd5 6. O-O O-O 7. Nc3 c5 8. d4
Nxc3 9. bxc3 Nc6 10. Be3 Be6 11. Rb1 Rb8 12. a4 cxd4 13. Nxd4 Nxd4 14. cxd4 Bd5
15. Bxd5 Qxd5 16. Rb5 Qa2 17. Bf4 Rbd8 18. e3 b6 19. Qb3 Qe2 20. a5 h6 21. axb6
axb6 22. Rxb6 g5 23. Bb8 h5 24. Bc7 Rd7 25. Rc6 Qf3 26. Rcc1 Rxd4 27. Qb5
1/2-1/2

[Event "Lichtenrader Herbst 2012"]
[Site "Berlin - Lichtenrade"]
[Date "2012.10.02"]
[Round "4.3"]
[White "Lindemann, Christian"]
[Black "Rabiega, Robert"]
[Result "0-1"]
[WhiteElo "2231"]
[BlackElo "2515"]
[PlyCount "92"]
[EventDate "2012.??.??"]
[WhiteTeam "Neukölln Schwarz-Weiß"]
[BlackTeam "Tegel 1949 König SK"]

1. Nf3 Nc6 2. e4 e5 3. Nc3 Nf6 4. d4 Bb4 5. d5 Nb8 6. Bd2 d6 7. Bd3 h6 8. a3
Bxc3 9. Bxc3 O-O 10. h3 Nbd7 11. Qe2 Nc5 12. O-O-O Nh5 13. g3 f5 14. Nh4 fxe4
15. Bc4 Nf6 16. g4 Nh7 17. Ng2 Qf6 18. Rdf1 a6 19. Qd1 Ng5 20. Ne3 Nf3 21. Be2
Bd7 22. Bxf3 exf3 23. h4 Ne4 24. Be1 Qf4 25. Rfg1 a5 26. Kb1 b5 27. b3 a4 28.
b4 Rac8 29. g5 h5 30. g6 Rf6 31. Qc1 Be8 32. Nd1 Qxc1+ 33. Kxc1 Bxg6 34. Nc3
Nxc3 35. Bxc3 Be4 36. Rd1 Rg6 37. Be1 c6 38. dxc6 Rxc6 39. c3 Rg2 40. Kd2 d5
41. Ke3 Kf7 42. Bd2 Rcg6 43. Be1 Ke6 44. Bd2 R2g4 45. Bc1 Rf4 46. Rh3 Bf5 0-1

[Event "Lichtenrader Herbst 2012"]
[Site "Berlin - Lichtenrade"]
[Date "2012.10.02"]
[Round "4.4"]
[White "Stern, Rene"]
[Black "Bruedigam, Martin"]
[Result "1/2-1/2"]
[WhiteElo "2517"]
[BlackElo "2291"]
[PlyCount "52"]
[EventDate "2012.??.??"]
[WhiteTeam "Tegel 1949 König SK"]
[BlackTeam "Potsdam USV"]

1. d4 Nf6 2. c4 g6 3. Nc3 d5 4. e3 Bg7 5. Qb3 c6 6. Nf3 O-O 7. Bd2 dxc4 8. Bxc4
b5 9. Be2 Nbd7 10. O-O a6 11. Qc2 Qc7 12. b4 e5 13. Rac1 exd4 14. Nxd4 Bb7 15.
a4 Qd6 16. Rfd1 Rfe8 17. Be1 Qe7 18. h3 Rec8 19. Bf1 Rab8 20. Qa2 Ra8 21. Nb3
c5 22. bxc5 b4 23. Na5 Nxc5 24. Nb1 Nce4 25. f3 Rxc1 26. Rxc1 Nc3 1/2-1/2

[Event "Lichtenrader Herbst 2012"]
[Site "Berlin - Lichtenrade"]
[Date "2012.10.02"]
[Round "4.5"]
[White "Jahnz, Fabian"]
[Black "Hansen, Torbjorn Ringdal"]
[Result "1/2-1/2"]
[WhiteElo "2189"]
[BlackElo "2458"]
[PlyCount "56"]
[EventDate "2012.??.??"]
[WhiteTeam "Tegel 1949 König SK"]

1. e4 c5 2. c3 d5 3. exd5 Qxd5 4. d4 Nc6 5. Nf3 Bf5 6. Be3 Nf6 7. Qb3 Qxb3 8.
axb3 cxd4 9. Nxd4 Nxd4 10. Bxd4 Nd7 11. Nd2 a6 12. b4 e5 13. Be3 Be6 14. b5 f5
15. f3 a5 16. Bc4 Kf7 17. Bxe6+ Kxe6 18. Nc4 a4 19. Ke2 Be7 20. Rhd1 h5 21. Ra2
h4 22. h3 g5 23. Rxd7 Kxd7 24. Nb6+ Ke6 25. Nxa8 Rxa8 26. Kd3 Rd8+ 27. Kc2 Ra8
28. Kd3 Rd8+ 1/2-1/2

[Event "Lichtenrader Herbst 2012"]
[Site "Berlin - Lichtenrade"]
[Date "2012.10.02"]
[Round "4.6"]
[White "Kalinitschew, Sergey"]
[Black "Schnabel, Ralf"]
[Result "1-0"]
[WhiteElo "2469"]
[BlackElo "2235"]
[PlyCount "77"]
[EventDate "2012.??.??"]
[WhiteTeam "Kreuzberg SC"]
[BlackTeam "Aue Nickelhütte ESV"]

1. d4 f5 2. g3 Nf6 3. Bg2 g6 4. c4 Bg7 5. Nc3 d6 6. d5 e5 7. dxe6 Nc6 8. Nh3
Bxe6 9. Nd5 h6 10. Nhf4 Bf7 11. Rb1 O-O 12. b3 Ne4 13. Bb2 Ne5 14. O-O c6 15.
Ne3 Qe7 16. Qc2 Nf6 17. Rbd1 Rad8 18. Rd2 Rd7 19. Rfd1 Rfd8 20. Ba3 Nfg4 21.
Nxg4 Nxg4 22. e4 g5 23. Ne2 f4 24. Nd4 Bg6 25. Nf5 Bxf5 26. exf5 fxg3 27. hxg3
Be5 28. Qe4 Nf6 29. Qe3 c5 30. Qd3 Qg7 31. Bd5+ Kh8 32. Be6 Rc7 33. Kg2 Bd4 34.
Qf3 g4 35. Qf4 Qg5 36. Rxd4 cxd4 37. Qxd4 Kh7 38. Bb2 Kg7 39. Bc1 1-0

[Event "Lichtenrader Herbst 2012"]
[Site "Berlin - Lichtenrade"]
[Date "2012.10.02"]
[Round "4.7"]
[White "Schmidek, Emil"]
[Black "Meister, Jakob"]
[Result "0-1"]
[WhiteElo "1854"]
[BlackElo "2484"]
[PlyCount "116"]
[EventDate "2012.??.??"]
[WhiteTeam "Berlin Makkabi TuS"]
[BlackTeam "Zehlendorf SK"]

1. e4 c5 2. Nf3 d6 3. d4 cxd4 4. Nxd4 Nf6 5. Nc3 e6 6. Bd3 Nc6 7. Nb3 d5 8.
exd5 Nxd5 9. Nxd5 Qxd5 10. O-O Nb4 11. Be2 Qxd1 12. Rxd1 Bd7 13. c3 Nc6 14. Bf3
O-O-O 15. Be3 b6 16. Bf4 Be7 17. a4 e5 18. Bxc6 Bxc6 19. Rxd8+ Bxd8 20. Bxe5
Re8 21. Nd4 Bxg2 22. Bg3 Bh3 23. Nb5 Re2 24. Rd1 Be7 25. b4 a6 26. Na3 Be6 27.
h4 Ra2 28. Nb1 Ra1 29. Re1 Bf6 30. f4 Bf5 31. Nd2 Rxe1+ 32. Bxe1 Bxc3 33. Nf3
Bxe1 34. Nxe1 Be4 35. Kf2 Kd7 36. Ke3 f5 37. Nd3 Bxd3 38. Kxd3 g6 39. Kd4 Kd6
40. b5 axb5 41. axb5 Ke6 42. Kc4 h6 43. Kd4 Kf6 44. Kd5 g5 45. hxg5+ hxg5 46.
fxg5+ Kxg5 47. Kc6 f4 48. Kxb6 f3 49. Kc7 f2 50. b6 f1=Q 51. b7 Qc4+ 52. Kd7
Qb5+ 53. Kc7 Qc5+ 54. Kd7 Qb6 55. Kc8 Qc6+ 56. Kb8 Kf6 57. Ka7 Qc7 58. Ka8 Qa5+
0-1

[Event "Lichtenrader Herbst 2012"]
[Site "Berlin - Lichtenrade"]
[Date "2012.10.02"]
[Round "4.8"]
[White "Von Herman, Ulf"]
[Black "Hahlbohm, Matthias"]
[Result "1-0"]
[WhiteElo "2416"]
[BlackElo "2073"]
[PlyCount "107"]
[EventDate "2012.??.??"]
[WhiteTeam "Tegel 1949 König SK"]
[BlackTeam "Oberschöneweide TSG"]

1. d4 c5 2. d5 e5 3. e4 d6 4. Bb5+ Bd7 5. a4 a6 6. Be2 f5 7. Nc3 Nf6 8. exf5
Bxf5 9. Nf3 Be7 10. O-O O-O 11. a5 h6 12. Nd2 Nbd7 13. Nc4 Ne4 14. Na4 Nef6 15.
Ra3 Rc8 16. f4 exf4 17. Bxf4 Ne8 18. Raf3 Bh7 19. Bd3 Ndf6 20. Bxh7+ Nxh7 21.
Qe2 Kh8 22. Nc3 Rg8 23. Ne4 Rc7 24. Re3 Nhf6 25. Rd1 Nxe4 26. Rxe4 Nf6 27. Re6
Rd7 28. Bg3 Bf8 29. Bh4 Rf7 30. Rf1 Be7 31. Bg3 Qd7 32. Bxd6 Bxd6 33. Nxd6 Rff8
34. c4 Nh7 35. Re1 Ng5 36. Rg6 Rf4 37. Qe5 Rh4 38. Nf5 Rh5 39. Rxh6+ Rxh6 40.
Nxh6 Nf7 41. Nxf7+ Qxf7 42. Re3 Rf8 43. Rh3+ Kg8 44. Rf3 Qg6 45. Qe6+ Qxe6 46.
Rxf8+ Kxf8 47. dxe6 Ke7 48. Kf2 Kxe6 49. Ke3 Kf5 50. h3 Ke5 51. h4 Kf5 52. Kf3
Ke5 53. g4 Kd4 54. h5 1-0

[Event "Lichtenrader Herbst 2012"]
[Site "Berlin - Lichtenrade"]
[Date "2012.10.02"]
[Round "4.9"]
[White "Boettcher, Patrick"]
[Black "Gruzmann, Boris"]
[Result "0-1"]
[WhiteElo "2193"]
[BlackElo "2303"]
[PlyCount "110"]
[EventDate "2012.??.??"]
[WhiteTeam "Spandau Zitadelle 1977 SC"]
[BlackTeam "Lasker Steglitz-Wilmersd. SG"]

1. d4 Nf6 2. c4 g6 3. Nc3 Bg7 4. e4 d6 5. Nf3 O-O 6. Be2 Bg4 7. Be3 Nfd7 8. Ng1
Bxe2 9. Ngxe2 e5 10. O-O Nc6 11. Rc1 f5 12. exf5 gxf5 13. dxe5 dxe5 14. f4 Nf6
15. h3 Qxd1 16. Rfxd1 e4 17. Ng3 Ne8 18. Rd7 Bxc3 19. Rxc3 Rd8 20. Rxd8 Nxd8
21. Bxa7 b6 22. c5 b5 23. c6 Ne6 24. Be3 Nf6 25. Bc5 Ra8 26. a3 Nxf4 27. Rc2
Rd8 28. Nxf5 Rd1+ 29. Kh2 N6d5 30. Ne3 Rd3 31. Nxd5 Nxd5 32. Re2 e3 33. Kg3 Kf7
34. Kf3 Ke6 35. Bxe3 Ke5 36. Kf2 Kd6 37. Rd2 Rb3 38. Bf4+ Kxc6 39. Be5 Nb6 40.
Bc3 Nc4 41. Rc2 Kd5 42. Kf3 Nxb2 43. Rxb2 Rxc3+ 44. Ke2 c6 45. Rb4 Rxa3 46. Rh4
Rg3 47. Rxh7 Rxg2+ 48. Kf3 Rg8 49. h4 b4 50. Rb7 Kc4 51. h5 c5 52. Kf4 Kc3 53.
h6 b3 54. Rg7 b2 55. h7 Rf8+ 0-1

[Event "Lichtenrader Herbst 2012"]
[Site "Berlin - Lichtenrade"]
[Date "2012.10.02"]
[Round "4.10"]
[White "Moeller, Hendrik"]
[Black "Vandre, Wolfgang"]
[Result "1-0"]
[WhiteElo "2259"]
[BlackElo "2163"]
[PlyCount "89"]
[EventDate "2012.??.??"]
[WhiteTeam "Berlin Weisse Dame SC"]
[BlackTeam "Berlin Berolina Mitte SV"]

1. c4 g6 2. g3 Bg7 3. Bg2 d6 4. Nc3 c5 5. d3 Nc6 6. Nf3 e6 7. Rb1 Nge7 8. Bg5
Qa5 9. Bd2 Qc7 10. a3 a5 11. O-O O-O 12. Nb5 Qd7 13. Bc3 e5 14. Bd2 b6 15. Ne1
Rb8 16. Nc3 Bb7 17. Nc2 Nd4 18. Bxb7 Rxb7 19. Ne3 Ndf5 20. b4 axb4 21. axb4
Nxe3 22. Bxe3 f5 23. bxc5 bxc5 24. Qa4 Qxa4 25. Nxa4 Rfb8 26. Rxb7 Rxb7 27. Nc3
Kf7 28. Nb5 Ke6 29. Ra1 Kd7 30. Ra8 h6 31. Kg2 g5 32. h3 f4 33. Bd2 Nf5 34. e3
d5 35. Kf3 dxc4 36. dxc4 fxg3 37. fxg3 Ke7 38. g4 Nd6 39. Nxd6 Kxd6 40. Ke4 Rb2
41. Ra6+ Ke7 42. Bc3 Rb3 43. Ba5 Bf8 44. Bc7 Rc3 45. Bd6+ 1-0

[Event "Lichtenrader Herbst 2012"]
[Site "Berlin - Lichtenrade"]
[Date "2012.10.02"]
[Round "4.11"]
[White "Pueschel, Werner"]
[Black "Rietze, Clemens"]
[Result "0-1"]
[WhiteElo "2136"]
[BlackElo "2286"]
[PlyCount "90"]
[EventDate "2012.??.??"]
[WhiteTeam "Lasker Steglitz-Wilmersd. SG"]
[BlackTeam "Potsdam USV"]

1. e4 e5 2. Bc4 Nf6 3. d3 c6 4. Bb3 d5 5. Nd2 Nbd7 6. Ngf3 Bd6 7. O-O O-O 8.
Re1 Re8 9. Nf1 h6 10. Ng3 Nc5 11. h3 Qc7 12. c3 Nxb3 13. Qxb3 Be6 14. Qc2 Bf8
15. Bd2 Nd7 16. Rad1 g6 17. c4 Rac8 18. b3 Qb8 19. Qb2 Bg7 20. Qc1 Kh7 21. Nh2
Nc5 22. Qb1 Nd7 23. Qc1 b5 24. f3 bxc4 25. bxc4 dxc4 26. dxc4 Nb6 27. c5 Nc4
28. Ng4 Nxd2 29. Rxd2 h5 30. Ne3 Bh6 31. Ngf1 Red8 32. Rb2 Qc7 33. Qc3 f6 34.
Nc4 Bxc4 35. Qxc4 Qe7 36. Reb1 Rc7 37. Rc2 Rb7 38. Re1 Rd4 39. Qa6 Qd7 40. g4
h4 41. Kg2 Rb5 42. Qa3 Rd3 43. Qa4 a5 44. Rc4 Rb2+ 45. Kg1 Rxf3 0-1

[Event "Lichtenrader Herbst 2012"]
[Site "Berlin - Lichtenrade"]
[Date "2012.10.02"]
[Round "4.12"]
[White "Lauridsen, Jesper Morch"]
[Black "Schmidt, Juergen"]
[Result "1-0"]
[WhiteElo "2248"]
[BlackElo "2045"]
[PlyCount "61"]
[EventDate "2012.??.??"]
[BlackTeam "Kreuzberg SC"]

1. e4 e5 2. Nf3 Nc6 3. Bb5 a6 4. Bxc6 dxc6 5. O-O Qd6 6. d3 f6 7. Be3 Bg4 8.
Nbd2 O-O-O 9. Nc4 Qe6 10. Rb1 g5 11. h3 Bxf3 12. Qxf3 h5 13. Qe2 Ne7 14. Kh2
Ng6 15. g3 Rd7 16. b4 Rg7 17. a4 Rhg8 18. Rg1 Bd6 19. b5 Nf4 20. Qf1 g4 21.
bxc6 bxc6 22. gxf4 exf4 23. Nxd6+ Qxd6 24. Ba7 g3+ 25. fxg3 fxg3+ 26. Kg2 Qe5
27. Rb8+ Kd7 28. Rxg8 Rxg8 29. Qf5+ Qxf5 30. exf5 h4 31. Bd4 1-0

[Event "Lichtenrader Herbst 2012"]
[Site "Berlin - Lichtenrade"]
[Date "2012.10.02"]
[Round "4.13"]
[White "Pesola, Jyrki"]
[Black "Stachanczyk, Jacek"]
[Result "0-1"]
[WhiteElo "1918"]
[BlackElo "2247"]
[PlyCount "66"]
[EventDate "2012.??.??"]

1. e4 c5 2. Nf3 Nc6 3. d4 cxd4 4. Nxd4 Nf6 5. Nc3 d6 6. Bg5 e6 7. Qd2 a6 8.
O-O-O Bd7 9. f4 h6 10. Bxf6 Qxf6 11. Nf3 Qd8 12. g4 Be7 13. h4 Qc7 14. Bg2
O-O-O 15. Rhe1 Kb8 16. Kb1 Na5 17. Qd4 Rhg8 18. g5 Rc8 19. Re2 Nc4 20. b3 Nb6
21. Kb2 Qc5 22. Red2 Qa5 23. b4 Na4+ 24. Nxa4 Qxa4 25. c3 Rc7 26. Bf1 Rgc8 27.
Rc1 f6 28. gxh6 gxh6 29. Bd3 e5 30. fxe5 dxe5 31. Qb6 Bxb4 32. cxb4 Rxc1 33.
Qd6+ Ka7 0-1

[Event "Lichtenrader Herbst 2012"]
[Site "Berlin - Lichtenrade"]
[Date "2012.10.02"]
[Round "4.14"]
[White "Gaerths, Ronny"]
[Black "Yuan, Yizheng"]
[Result "1-0"]
[WhiteElo "2251"]
[BlackElo "1915"]
[PlyCount "107"]
[EventDate "2012.??.??"]
[WhiteTeam "Kreuzberg SC"]
[BlackTeam "Berlin 1903 Sfrd."]

1. Nf3 Nf6 2. d4 e6 3. Bg5 Be7 4. Nbd2 c5 5. e3 b6 6. Bd3 Bb7 7. c3 O-O 8. O-O
d6 9. e4 Nfd7 10. Bf4 Qc7 11. Qe2 e5 12. dxe5 dxe5 13. Bg3 Nc6 14. Ba6 Rfe8 15.
a4 Bf8 16. Bxb7 Qxb7 17. Rfd1 a6 18. Nc4 f6 19. Rxd7 Qxd7 20. Nxb6 Qb7 21. Nxa8
Rxa8 22. Qc4+ Kh8 23. Rb1 Na5 24. Qe2 Qb3 25. h4 Qxa4 26. h5 Rd8 27. h6 c4 28.
hxg7+ Bxg7 29. Nh4 Bh6 30. Nf5 Bg5 31. Qh5 Qc2 32. Re1 Qd2 33. Rf1 Kg8 34. Ne7+
Kg7 35. Nd5 h6 36. Ne7 Kf8 37. Nf5 Rd7 38. Ra1 Nb3 39. Rxa6 Qd1+ 40. Qxd1 Rxd1+
41. Kh2 Nd2 42. f3 Rb1 43. Ra8+ Kf7 44. Ra7+ Kf8 45. Bf2 Rxb2 46. Bc5+ Kg8 47.
Kh3 h5 48. Ra8+ Kh7 49. Ra7+ Kg8 50. Be3 Bxe3 51. Nxe3 Rb1 52. Kg3 Rg1 53. Nd5
Kh8 54. Nxf6 1-0

[Event "Lichtenrader Herbst 2012"]
[Site "Berlin - Lichtenrade"]
[Date "2012.10.02"]
[Round "4.15"]
[White "Rettore, Ludwig"]
[Black "Triebus, Bruno"]
[Result "1-0"]
[WhiteElo "2144"]
[BlackElo "1929"]
[PlyCount "139"]
[EventDate "2012.??.??"]
[BlackTeam "Lichtenrade Schwarz-Weiß SC"]

1. e4 e6 2. d3 d5 3. Nd2 c5 4. Ngf3 Nf6 5. g3 Nc6 6. Bg2 Qc7 7. O-O Be7 8. Re1
b6 9. Nf1 Bb7 10. Bf4 e5 11. Nxe5 Nxe5 12. exd5 Nfd7 13. Qh5 O-O-O 14. Bxe5
Nxe5 15. Qxe5 Qxe5 16. Rxe5 Bf6 17. Rf5 Bxb2 18. Rb1 Bf6 19. Ne3 Rhf8 20. c4
Kc7 21. Rf4 Bc8 22. Re4 g6 23. Nc2 Bf5 24. Re3 Rfe8 25. Rbe1 Rxe3 26. Rxe3 Rd6
27. Be4 Bd7 28. d4 Ba4 29. dxc5 bxc5 30. Ne1 Bd4 31. Ra3 Ra6 32. Bc2 Bb5 33.
Rxa6 Bxa6 34. Bb3 Kb6 35. Nc2 Bf6 36. Kf1 Kc7 37. Ke2 Bc8 38. Ne3 Bd7 39. Bc2
Kd6 40. Be4 Bd4 41. Nc2 Bb2 42. Kd3 Kc7 43. Ne3 Kb6 44. Kc2 Bd4 45. Kd3 Ka5 46.
f4 Ka4 47. Nc2 Bg7 48. Ke3 Ka5 49. f5 Bh6+ 50. Kf3 Ba4 51. g4 Bxc2 52. Bxc2 Kb4
53. d6 Bg5 54. Bd3 Ka3 55. Ke4 Kxa2 56. Kd5 a5 57. Be2 gxf5 58. gxf5 Kb2 59.
Bd1 Kc3 60. Kxc5 Bd8 61. Kd5 Kb4 62. c5 Kb5 63. c6 Kb6 64. c7 Bxc7 65. dxc7
Kxc7 66. Ke5 Kd7 67. Kf6 Ke8 68. Bb3 Kf8 69. Bxf7 a4 70. Ba2 1-0

[Event "Lichtenrader Herbst 2012"]
[Site "Berlin - Lichtenrade"]
[Date "2012.10.02"]
[Round "4.16"]
[White "Schulz, Wolfgang"]
[Black "Lerch, Philipp"]
[Result "1-0"]
[WhiteElo "2048"]
[BlackElo "2110"]
[PlyCount "85"]
[EventDate "2012.??.??"]
[WhiteTeam "Hamburger SK"]
[BlackTeam "Tegel 1949 König SK"]

1. e4 c5 2. Nf3 d6 3. c3 Nf6 4. h3 Nbd7 5. Bd3 b6 6. O-O Bb7 7. Re1 Qc7 8. Bc2
Rc8 9. d3 g6 10. Nbd2 Bg7 11. Nf1 O-O 12. Bg5 b5 13. Qd2 Ne5 14. N3h2 Nc6 15.
Bh6 Rcd8 16. Bxg7 Kxg7 17. Rad1 e5 18. Ng4 Nxg4 19. hxg4 Bc8 20. Ne3 Be6 21.
Bb3 Bxb3 22. axb3 Qd7 23. g3 Ne7 24. Kg2 d5 25. exd5 Nxd5 26. Rh1 f6 27. f3 Rf7
28. Rhe1 Qc6 29. Qe2 Rfd7 30. g5 Nxe3+ 31. Qxe3 fxg5 32. Qxe5+ Qf6 33. Qxc5 Rd5
34. Qe7+ Qxe7 35. Rxe7+ Kf6 36. Rde1 g4 37. R1e6+ Kf5 38. fxg4+ Kxg4 39. d4 b4
40. Rxh7 bxc3 41. bxc3 Rc8 42. Re4+ Kg5 43. c4 1-0